000
00298nam a2200121Ia 4500
008
190216s9999||||xx |||||||||||||| ||und||
100
_a
Parama Hamsa Tiwari
245
0
_a
Universal Principles Of Space And Matter
260
_b
Orient Publishers
300
_a
187
650
_a
English
942
_c
BK
999
_c
14339
_d
14339